युद्ध ग्लोबल संस्कृति और मीडिया / (Record no. 12654)

MARC details
000 -LEADER
fixed length control field 02657 a2200277 4500
005 - DATE AND TIME OF LATEST TRANSACTION
control field 20090512101033.0
008 - FIXED-LENGTH DATA ELEMENTS--GENERAL INFORMATION
fixed length control field 090512t xxu||||| |||| 00| 0 hin d
010 ## - LCCN (DPL NO)
LC control number B-300945-949
020 ## - INTERNATIONAL STANDARD BOOK NUMBER
International Standard Book Number 8179750825
Terms of availability 750.00
035 ## - SYSTEM CONTROL NUMBER
System control number B-300945-949
037 ## - SOURCE OF ACQUISITION
Source of stock number/acquisition अनामिका पब्लिशर्स एंड डिस्ट्रीब्यूटर्स
040 ## - CATALOGING SOURCE
Original cataloging agency dpl
Language of cataloging hn
082 ## - DEWEY DECIMAL CLASSIFICATION NUMBER
Classification number 303.482
100 ## - MAIN ENTRY--PERSONAL NAME
Personal name चतुर्वेदी, जगदीश्वर
245 ## - TITLE STATEMENT
Title युद्ध ग्लोबल संस्कृति और मीडिया /
Statement of responsibility, etc जगदीश्वर चतुर्वेदी
260 ## - PUBLICATION, DISTRIBUTION, ETC. (IMPRINT)
Place of publication, distribution, etc नई दिल्ली
Name of publisher, distributor, etc अनामिका पब्लिशर्स एंड डिस्ट्रीब्यूटर्स
Date of publication, distribution, etc 2005
270 ## - ADDRESS
Address 4697/3, 21-ए,अंसारी रोड, दरियागंज
City नई दिल्ली
Postal code 110002
300 ## - PHYSICAL DESCRIPTION
Extent 445पृ
Dimensions 22 सेमी (सजिल्द)
942 ## - ADDED ENTRY ELEMENTS (KOHA)
Institution code [OBSOLETE] dpl
Item type Hindi Books
Call number prefix /चतुर्वे
Source of classification or shelving scheme Dewey Decimal Classification
Classification part 303.482
Call number suffix चतुर्वे
Holdings
Withdrawn status Lost status Source of classification or shelving scheme Damaged status Not for loan Collection code Home library Current library Date acquired Source of acquisition Cost, normal purchase price Total Checkouts Full call number Barcode Date last seen Copy number Cost, replacement price Koha item type Total Renewals
    Dewey Decimal Classification     Non-fiction Central Library Central Library 12/05/2009 अनामिका पब्लि./420/25.9.09/190/4.9.08/3.10.09 750.00 3 303.482 चतुर्वे B-300945 11/10/2017 1 750.00 Hindi Books  
    Dewey Decimal Classification     Non-fiction Karol Bagh Karol Bagh 12/05/2009 अनामिका पब्लि./420/25.9.09/190/4.9.08/3.10.09 750.00   303.482 चतुर्वे B-300948 12/05/2009 1 750.00 Hindi Books  
    Dewey Decimal Classification     Non-fiction Patel Nagar Patel Nagar 12/05/2009 अनामिका पब्लि./420/25.9.09/190/4.9.08/3.10.09 750.00   303.482 चतुर्वे B-300946 12/05/2009 1 750.00 Hindi Books  
    Dewey Decimal Classification     Non-fiction Sarojini Nagar Sarojini Nagar 12/05/2009 अनामिका पब्लि./420/25.9.09/190/4.9.08/3.10.09 750.00 1 303.482 चतुर्वे B-300947 02/03/2021 1 750.00 Hindi Books 2
    Dewey Decimal Classification     Non-fiction Shahdara Branch Shahdara Branch 12/05/2009 अनामिका पब्लि./420/25.9.09/190/4.9.08/3.10.09 750.00 1 303.482 चतुर्वे B-300949 29/04/2019 1 750.00 Hindi Books  

© Delhi Public Library
Hit Counter
free hit counter